<?xml version="1.0" encoding="UTF-8"?>
<collection xmlns="http://www.loc.gov/MARC21/slim">
  <record>
    <leader>00000nam  2200000   4500</leader>
    <controlfield tag="001">INLIS000000000009410</controlfield>
    <controlfield tag="005">20240701124023</controlfield>
    <datafield tag="035" ind1="#" ind2="#">
      <subfield code="a">0010-1120000051</subfield>
    </datafield>
    <controlfield tag="008">240701################g##########0#ind##</controlfield>
    <datafield tag="020" ind1="#" ind2="#">
      <subfield code="a">979 421 184 2</subfield>
    </datafield>
    <datafield tag="082" ind1="#" ind2="#">
      <subfield code="a">353.9</subfield>
    </datafield>
    <datafield tag="084" ind1="#" ind2="#">
      <subfield code="a">353.9 KAH p</subfield>
    </datafield>
    <datafield tag="100" ind1=" " ind2="#">
      <subfield code="a">Kaho, Josef Riwu</subfield>
    </datafield>
    <datafield tag="245" ind1="1" ind2="#">
      <subfield code="a">Prospek Otonomi Daerah di Negara Republik Indonesia :</subfield>
      <subfield code="b">Identifikasi Beberapa Faktor yang Mempengaruhi Penyelenggaraannya /</subfield>
      <subfield code="c">Josef Riwu Kaho</subfield>
    </datafield>
    <datafield tag="250" ind1="#" ind2="#">
      <subfield code="a">Cetakan ke 4</subfield>
    </datafield>
    <datafield tag="260" ind1="#" ind2="#">
      <subfield code="a">Jakarta :</subfield>
      <subfield code="b">RajaGrafindo Persada,</subfield>
      <subfield code="c">1997</subfield>
    </datafield>
    <datafield tag="300" ind1="#" ind2="#">
      <subfield code="a">xiv, 270 halaman :</subfield>
      <subfield code="b">ilus ;</subfield>
      <subfield code="c">21 cm</subfield>
    </datafield>
    <datafield tag="650" ind1="#" ind2="4">
      <subfield code="a">Otonomi Daerah</subfield>
    </datafield>
    <datafield tag="520" ind1="#" ind2="#">
      <subfield code="a">Buku ini selain menguraikan tentang pengertian pokok dan perkembangan desentralisasi di Indonesia, juga mengidentifikasi faktor-faktor yang mempengaruhi penyelenggaraan otonomi daerah. Menurut penulisnya faktor-faktor tersebut yang sangat menentukan prospek otonomi daerah masa yang akan datang adalah faktor manusia,faktor keuangan,faktor peralatan dan faktor organisasi dan manajemen.</subfield>
    </datafield>
    <datafield tag="990" ind1="#" ind2="#">
      <subfield code="a">20119357</subfield>
    </datafield>
    <datafield tag="990" ind1="#" ind2="#">
      <subfield code="a">150217516</subfield>
    </datafield>
  </record>
</collection>
